00334nam a2200121 i 4500020001500000082001400015100002300029245003800052250001100090260004000101300003000141650004100171 a012044260400a541.3 ADA1 aAdamson, Arthur W.12aA textbook of physical chemistry  a2d ed. aNew York :bAcademic Press,cc1979. axxv, 953, 23 p. :bill. ; 0aChemistry, Physical and theoretical.